Online Catalogue and eLibrary

Ulagukkor inthozhukkam (Record no. 3767)

MARC details
000 -LEADER
fixed length control field 00447nam a2200169Ia 4500
005 - DATE AND TIME OF LATEST TRANSACTION
control field 20250312054418.0
008 - FIXED-LENGTH DATA ELEMENTS--GENERAL INFORMATION
fixed length control field 240331s9999 xx 000 0 und d
020 ## - INTERNATIONAL STANDARD BOOK NUMBER
ISBN 8123402341
082 ## - DDC Classification
Item Number - Author Mark ELA
Class No. 894
100 ## - MAIN ENTRY--PERSONAL NAME
Personal name
245 #0 - TITLE STATEMENT
Title Ulagukkor inthozhukkam
260 ## - PUBLICATION, DISTRIBUTION, ETC.
Place of publication, distribution, etc. Ambathoor
Name of publisher, distributor, etc. New century book house Pvt ltd
Date of publication, distribution, etc. 1994
300 ## - PHYSICAL DESCRIPTION
Extent (e.g. Volumes, Pages etc.) XXII, 300 P .,
500 ## - GENERAL NOTE
General note essays about India - Tamil leaders
700 ## - ADDED ENTRY--PERSONAL NAME
Personal name Elango, S.S Dr
Relator term (Role) Editor
942 ## - Koha item type (Biblio)
Koha item type Books in Stacks (Lending)
Holdings
Lost status Damaged status Collection code Home library Current library Shelving location Date acquired Full call number Accession Number Item type
    Lending WERC Library WERC Library Social Science Cupboard 03/31/2024 894.811 ELA 4530 Books in Stacks (Lending)

© WERC Library